Six flags nj coasters Quiz Stats

 Plays Quiz not verified by Sporcle

Challenge
Share
Tweet
Embed
Score 0/10 Timer 05:00
0 Plays Today
area of the park name % Correct
Golden KingdomKingda Ka
91.2%
Plaza del CarnavalEl Toro
87.3%
MovietownNitro
84.2%
Frontier AdventuresBizarro
55.6%
Plaza del CarnavalRolling Thunder
54%
LakefrontSkull Mountain
44.4%
Frontier AdventuresRunaway Mine Train
31.3%
LakefrontBlack Beards Lost Treasure Train
15%
MovietownDark Night
12.7%
BoardwalkSuperman ride of steel
6.7%

You're not logged in!

Compare scores with friends on all Sporcle quizzes.
Join for Free
OR
Log In

You Might Also Like...

Show Comments

Extras

Top Quizzes Today


Score Distribution

Your Account Isn't Verified!

In order to create a playlist on Sporcle, you need to verify the email address you used during registration. Go to your Sporcle Settings to finish the process.

Report this User

Report this user for behavior that violates our Community Guidelines.

Details: